Statistics for What is the country #4

Click here to take the quiz!

General Stats

  • This quiz has been taken 24 times
  • The average score is 10 of 15

Answer Stats

Answer% Correct
France
96%
India
96%
India
88%
United States
88%
Brazil
75%
Cuba
75%
India
75%
France
63%
Pakistan
63%
United States
63%
North Korea
50%
Qatar
50%
United States
50%
Oman
42%
Syria
42%

Score Distribution

Percentile by Number Answered

Percent of People with Each Score

Your Score History

You have not taken this quiz